[Event "FICS rated blitz game"]
[Site "FICS freechess.org"]
[Date "2018.01.03"]
[Round "?"]
[White "denk"]
[Black "astalaveesta"]
[Result "1-0"]
[WhiteElo "1439"]
[BlackElo "1264"]
[PlyCount "75"]
[EventDate "2018.??.??"]
[EventType "blitz"]

1. e4 e5 2. Nf3 Nc6 3. c3 d6 4. Bc4 Bg4 5. Qb3 Bh5 6. Ng5 Qe7 7. Qxb7 Rd8 8.
Qxc6+ Qd7 9. Qd5 Qe7 10. d4 Nf6 11. Qb5+ Rd7 12. Qb8+ Qd8 13. Qxa7 c6 14. Qa4
exd4 15. Qxc6 Be7 16. Ne6 Qb8 17. Nxg7+ Kf8 18. Nxh5 Nxh5 19. Qxd7 Rg8 20. Bh6+
Ng7 21. Bxg7+ Rxg7 22. b4 Rxg2 23. Nd2 d5 24. Bb3 Qf4 25. O-O-O Rxf2 26. cxd4
Bg5 27. Qc8+ Kg7 28. Qc2 dxe4 29. Rhg1 e3 30. Rxg5+ Qxg5 31. Qc4 exd2+ 32. Kb2
Qg4 33. Kc2 Qe4+ 34. Qd3 Qf4 35. d5 Qxb4 36. Qg3+ Kf8 37. Qxf2 Qc5+ 38. Qxc5+ {
Black resigns} 1-0

[Event "FICS rated blitz game"]
[Site "FICS freechess.org"]
[Date "2018.01.03"]
[Round "?"]
[White "Jephtah"]
[Black "javelinos"]
[Result "1-0"]
[WhiteElo "1540"]
[BlackElo "1505"]
[PlyCount "101"]
[EventDate "2018.??.??"]
[EventType "blitz"]

1. e4 e5 2. Nf3 Nc6 3. c3 Nf6 4. d4 exd4 5. e5 Qe7 6. cxd4 d5 7. Bb5 Bd7 8. Nc3
Ne4 9. Nxe4 dxe4 10. Nd2 Nxd4 11. Bxd7+ Qxd7 12. Nxe4 O-O-O 13. O-O Qc6 14.
Qg4+ f5 15. Nd6+ cxd6 16. Qxd4 dxe5 17. Qe3 Bd6 18. Bd2 Rhe8 19. Qg5 Kb8 20.
Qxf5 g6 21. Qf7 Re7 22. Qf6 Bc5 23. Qxc6 bxc6 24. Bc3 e4 25. Bf6 Rde8 26. Bxe7
Rxe7 27. Rfe1 e3 28. fxe3 Bxe3+ 29. Kf1 Rf7+ 30. Ke2 Bb6 31. Rad1 Rf2+ 32. Kd3
Rxb2 33. Rd2 Rb5 34. Re8+ Kb7 35. Re7+ Ka6 36. Rxh7 Rd5+ 37. Kc2 Rc5+ 38. Kd1
Ba5 39. Rd6 Kb5 40. Rxg6 Rd5+ 41. Kc1 Rd2 42. a3 a6 43. Rh5+ c5 44. Rgg5 Rf2
45. Rxc5+ Kb6 46. Rxa5 Rxg2 47. Rag5 Rf2 48. Rh6+ Kc7 49. Rg7+ Kd8 50. Rh8+ Rf8
51. Rxf8# {Black checkmated} 1-0

[Event "FICS rated blitz game"]
[Site "FICS freechess.org"]
[Date "2018.01.03"]
[Round "?"]
[White "capricornus"]
[Black "scass"]
[Result "0-1"]
[WhiteElo "1358"]
[BlackElo "1302"]
[PlyCount "70"]
[EventDate "2018.??.??"]
[EventType "blitz"]

1. e4 e5 2. Nf3 Nc6 3. c3 Nf6 4. d3 d6 5. b4 Be7 6. b5 Na5 7. Bb2 c6 8. a4 a6
9. c4 axb5 10. axb5 cxb5 11. cxb5 b6 12. Be2 Bd7 13. d4 Nxe4 14. dxe5 dxe5 15.
O-O O-O 16. Nxe5 Be6 17. Qc2 Nc5 18. Nc3 Nab3 19. Rxa8 Qxa8 20. Nc6 Bf6 21. Ne4
Bxb2 22. Qxb2 Bd5 23. Ne7+ Kh8 24. Nxd5 Qxd5 25. Bf3 Qd7 26. Nxc5 Nxc5 27. Bc6
Qf5 28. Qa2 Qc8 29. Qa7 Qb8 30. Qe7 Ne6 31. h3 Nd4 32. Rc1 f6 33. Bf3 Nxb5 34.
Rb1 Nd4 35. Qd6 Qxd6 {White resigns} 0-1

[Event "FICS rated standard game"]
[Site "FICS freechess.org"]
[Date "2018.01.03"]
[Round "?"]
[White "uspehvenko"]
[Black "Learntoday"]
[Result "1-0"]
[WhiteElo "1693"]
[BlackElo "1679"]
[PlyCount "52"]
[EventDate "2018.??.??"]

1. e4 e5 2. Nf3 Nc6 3. c3 Nf6 4. Qc2 Bc5 5. b4 Bb6 6. b5 Ng4 7. d4 exd4 8. bxc6
dxc3 9. Be3 Bxe3 10. fxe3 O-O 11. Qd3 dxc6 12. Qxc3 Qd6 13. e5 Qh6 14. e4 Be6
15. Na3 Qf4 16. Be2 Ne3 17. g3 Qxe4 18. Kf2 Ng4+ 19. Ke1 Bd5 20. h3 Nxe5 21.
Rf1 Nxf3+ 22. Qxf3 Qb4+ 23. Kf2 Bxf3 24. Bxf3 Qxa3 25. Kg2 Rad8 26. Rf2 Rd3 1-0

[Event "FICS rated blitz game"]
[Site "FICS freechess.org"]
[Date "2018.01.03"]
[Round "?"]
[White "morts"]
[Black "Tordan"]
[Result "0-1"]
[WhiteElo "1184"]
[BlackElo "1221"]
[PlyCount "50"]
[EventDate "2018.??.??"]
[EventType "blitz"]

1. e4 e5 2. Nf3 Nc6 3. c3 Bc5 4. g3 Nf6 5. d3 Ng4 6. d4 exd4 7. cxd4 Nxd4 8.
Nxd4 d5 9. Nf5 Nxf2 10. Qh5 Qf6 11. Bg5 Qxb2 12. Nxg7+ Qxg7 13. Bh6 Qxa1 14.
Qg5 Qxb1+ 15. Ke2 Qxa2+ 16. Kf3 Qb3+ 17. Kf4 Be3+ 18. Ke5 Bxg5 19. Bxg5 Qb2+
20. Kf4 f6 21. Bh4 Qe5+ 22. Ke3 Nxe4 23. Bb5+ c6 24. Bd3 Bg4 25. Re1 d4# {
White checkmated} 0-1

[Event "FICS rated standard game"]
[Site "FICS freechess.org"]
[Date "2018.01.03"]
[Round "?"]
[White "piaanist"]
[Black "Kapitancruise"]
[Result "0-1"]
[WhiteElo "1392"]
[BlackElo "1813"]
[PlyCount "54"]
[EventDate "2018.??.??"]

1. e4 e5 2. Nf3 Nc6 3. c3 g6 4. b3 Bg7 5. Bb2 Nf6 6. Bd3 d6 7. Bc2 Bg4 8. d4
O-O 9. dxe5 Nxe5 10. c4 Nxf3+ 11. gxf3 Bh5 12. Rg1 Re8 13. Nd2 c6 14. Qe2 d5
15. cxd5 cxd5 16. O-O-O Rc8 17. Qb5 Qc7 18. Nc4 dxc4 19. bxc4 Bxf3 20. Rd2 Qxc4
21. Qxc4 Rxc4 22. Rd7 Rec8 23. Rxb7 Rxc2+ 24. Kb1 Bxe4 25. Ka1 Nh5 26. Rxa7
Bxb2+ 27. Kb1 Rxf2# {White checkmated} 0-1

[Event "FICS rated blitz game"]
[Site "FICS freechess.org"]
[Date "2018.01.03"]
[Round "?"]
[White "jsssstplayinn"]
[Black "pranavpd"]
[Result "1-0"]
[WhiteElo "1625"]
[BlackElo "1573"]
[PlyCount "41"]
[EventDate "2018.??.??"]
[EventType "blitz"]

1. e4 e5 2. Nf3 Nc6 3. c3 Be7 4. d4 exd4 5. cxd4 d6 6. d5 Ne5 7. Nxe5 dxe5 8.
Be2 Nf6 9. O-O O-O 10. Nc3 Bd6 11. Bg5 h6 12. Bh4 Re8 13. a3 c6 14. h3 Be7 15.
Bxf6 Bxf6 16. dxc6 bxc6 17. Qa4 Qc7 18. Rac1 Qb6 19. Qc2 Be6 20. Na4 Qd4 21.
Rfd1 {Black resigns} 1-0

[Event "FICS rated blitz game"]
[Site "FICS freechess.org"]
[Date "2018.01.03"]
[Round "?"]
[White "capricornus"]
[Black "sasfro"]
[Result "0-1"]
[WhiteElo "1349"]
[BlackElo "1239"]
[PlyCount "70"]
[EventDate "2018.??.??"]
[EventType "blitz"]

1. e4 e5 2. Nf3 Nc6 3. c3 Nf6 4. d3 Bc5 5. Be2 a6 6. O-O O-O 7. b4 Ba7 8. a4 d5
9. exd5 Nxd5 10. Na3 Nxc3 11. Qb3 Nxe2+ 12. Kh1 Be6 13. Qb2 Bd4 14. Nxd4 Nexd4
15. Be3 Qe7 16. b5 axb5 17. axb5 Nb4 18. Bxd4 Nxd3 19. Qc3 Nxf2+ 20. Bxf2 f6
21. Nc4 Rxa1 22. Rxa1 Rd8 23. Nb2 Bd5 24. Bc5 Qf7 25. Nd3 c6 26. bxc6 Bxc6 27.
Ne1 Qg6 28. Bg1 Rd3 29. Ra8+ Kf7 30. Qc4+ Bd5 31. Qc7+ Ke6 32. Rb8 Rd2 33. Qb6+
Kf5 34. Qe3 Bxg2+ 35. Nxg2 Qxg2# {White checkmated} 0-1

[Event "FICS rated blitz game"]
[Site "FICS freechess.org"]
[Date "2018.01.03"]
[Round "?"]
[White "BiH"]
[Black "acadianchess"]
[Result "0-1"]
[WhiteElo "1618"]
[BlackElo "1764"]
[PlyCount "90"]
[EventDate "2018.??.??"]
[EventType "blitz"]

1. e4 e5 2. Nf3 Nc6 3. c3 Bc5 4. d4 exd4 5. cxd4 Bb6 6. Be3 d6 7. h3 Nf6 8. Nc3
O-O 9. a3 Re8 10. Bd3 h6 11. O-O Bd7 12. Qd2 Qc8 13. Kh2 a5 14. Rae1 a4 15. Bc2
Ba5 16. Qd3 Bxc3 17. bxc3 Nxe4 18. Bxh6 d5 19. Bf4 Bf5 20. Qe3 Qd7 21. Ne5 Nxe5
22. dxe5 c6 23. f3 Ng3 24. Bxg3 Bxc2 25. f4 Be4 26. Qd4 Qe7 27. f5 Qxa3 28. f6
g6 29. Re3 Qf8 30. Rf4 Re6 31. Rh4 Rae8 32. c4 b5 33. cxd5 cxd5 34. Rexe4 dxe4
35. Rxe4 a3 36. Qc3 a2 37. Qa1 Ra8 38. Re2 Qa3 39. Bf4 Ra4 40. Bc1 Qb3 41. Bb2
Rc6 42. Rd2 Ra8 43. Qd1 Qxd1 44. Rxd1 Rc2 45. Ba1 b4 0-1

[Event "FICS rated blitz game"]
[Site "FICS freechess.org"]
[Date "2018.01.03"]
[Round "?"]
[White "kiknit"]
[Black "gincoolness"]
[Result "1/2-1/2"]
[WhiteElo "1468"]
[BlackElo "1347"]
[PlyCount "84"]
[EventDate "2018.??.??"]
[EventType "blitz"]

1. e4 e5 2. Nf3 Nc6 3. c3 Nf6 4. d4 exd4 5. cxd4 d6 6. e5 dxe5 7. Bb5 Bd7 8.
O-O Be7 9. Qe2 e4 10. Ne5 Nxe5 11. dxe5 Nd5 12. Bc4 c6 13. Qxe4 O-O 14. Bd3 f6
15. Bh6 f5 16. Qf3 Bg5 17. Bxg5 Qxg5 18. h4 Qg4 19. e6 Bxe6 20. Qxg4 fxg4 21.
g3 Bf5 22. Bc4 Kh8 23. Nc3 Nxc3 24. bxc3 Rad8 25. Rae1 Rfe8 26. Rb1 Bxb1 27.
Rxb1 h6 28. Rxb7 a5 29. Ra7 Ra8 30. Rc7 Rec8 31. Rf7 Rf8 32. Rc7 Rac8 33. Rb7
Rb8 34. Ra7 Ra8 35. Rc7 Rac8 36. Rb7 Rb8 37. Rc7 Rbc8 38. Ra7 Ra8 39. Rc7 Rac8
40. Re7 Rce8 41. Rd7 Rd8 42. Rb7 Rb8 1/2-1/2

[Event "FICS rated blitz game"]
[Site "FICS freechess.org"]
[Date "2018.01.03"]
[Round "?"]
[White "morts"]
[Black "Jalvrodma"]
[Result "0-1"]
[WhiteElo "1195"]
[BlackElo "1216"]
[PlyCount "80"]
[EventDate "2018.??.??"]
[EventType "blitz"]

1. e4 e5 2. Nf3 Nc6 3. c3 d6 4. d3 h6 5. g3 Bg4 6. Bg2 Be7 7. O-O Bg5 8. Qb3
Bxf3 9. Bxf3 b6 10. Bg2 Nf6 11. Qa4 Qd7 12. h4 Bxc1 13. Rxc1 O-O 14. Nd2 Ne7
15. Nf3 Qxa4 16. d4 exd4 17. Nxd4 c5 18. Nf5 Nxf5 19. exf5 Rad8 20. b3 Qg4 21.
Kh2 Qxf5 22. Bh3 Qxf2+ 23. Bg2 Ng4+ 24. Kh3 Qf5 25. Rf1 Qg6 26. Rf4 Ne3 27. Bc6
d5 28. Bb5 d4 29. cxd4 Rxd4 30. Rxd4 cxd4 31. Rd1 Rd8 32. Rd3 Qg4+ 33. Kh2 Nf1+
34. Kg1 Nxg3 35. Kf2 Ne4+ 36. Ke1 Qxh4+ 37. Kd1 Nf2+ 38. Kd2 Nxd3 39. Bxd3 Qf2+
40. Be2 d3 {White resigns} 0-1

[Event "FICS rated blitz game"]
[Site "FICS freechess.org"]
[Date "2018.01.03"]
[Round "?"]
[White "kiknit"]
[Black "RealHuman"]
[Result "0-1"]
[WhiteElo "1478"]
[BlackElo "1463"]
[PlyCount "112"]
[EventDate "2018.??.??"]
[EventType "blitz"]

1. e4 e5 2. Nf3 Nc6 3. c3 Nf6 4. Bc4 d5 5. exd5 Nxd5 6. d4 e4 7. Ne5 Nxe5 8.
dxe5 c6 9. Qh5 g6 10. Qe2 Bf5 11. O-O Bg7 12. Nd2 Bxe5 13. Nxe4 Qe7 14. Bg5 f6
15. Bh6 Bxe4 16. Qxe4 Bxh2+ 17. Kxh2 Qxe4 18. Rfe1 Qxe1 19. Rxe1+ Kd7 20. a4
Rhe8 21. Rd1 Ke6 22. a5 Kd6 23. a6 b5 24. Ba2 Kc5 25. c4 bxc4 26. Rc1 Nb6 27.
b3 Re4 28. bxc4 Nxc4 29. Be3+ Kb5 30. Rb1+ Kxa6 31. Rb4 Nxe3 32. Rxe4 Nd5 33.
Re6 Kb5 34. Bb1 a5 35. Bd3+ Kc5 36. Re1 a4 37. Rc1+ Kd6 38. Ra1 a3 39. Bc4 Nb4
40. g4 a2 41. f3 c5 42. Kg3 Ke5 43. f4+ Kd4 44. Bf7 Ra3+ 45. Kh4 Rf3 46. f5
gxf5 47. gxf5 Rxf5 48. Bg8 Rf2 49. Bxh7 Rb2 50. Bg8 Nc2 51. Rxa2 Rxa2 52. Bxa2
c4 53. Bxc4 Kxc4 54. Kg4 Nd4 55. Kf4 f5 56. Ke5 Kc3 0-1

[Event "FICS rated standard game"]
[Site "FICS freechess.org"]
[Date "2018.01.03"]
[Round "?"]
[White "bhekisipho"]
[Black "yermishin"]
[Result "1-0"]
[WhiteElo "1817"]
[BlackElo "1976"]
[PlyCount "33"]
[EventDate "2018.??.??"]

1. e4 e5 2. Nf3 Nc6 3. c3 Bc5 4. d4 exd4 5. cxd4 Bb4+ 6. Nc3 d5 7. e5 Bg4 8.
Be2 Nge7 9. O-O Nf5 10. h3 Bxf3 11. Bxf3 Nfxd4 12. Nxd5 Nxf3+ 13. Qxf3 O-O 14.
Nxb4 Nxb4 15. Qxb7 Nc2 16. Rb1 Qd3 17. Bf4 1-0

[Event "FICS rated blitz game"]
[Site "FICS freechess.org"]
[Date "2018.01.03"]
[Round "?"]
[White "ouazzani"]
[Black "dconti"]
[Result "1/2-1/2"]
[WhiteElo "1661"]
[BlackElo "1467"]
[PlyCount "94"]
[EventDate "2018.??.??"]
[EventType "blitz"]

1. e4 e5 2. Nf3 Nc6 3. c3 Nf6 4. Bd3 Bc5 5. Bc2 d5 6. O-O dxe4 7. Ng5 Bf5 8. b4
h6 9. bxc5 hxg5 10. Ba4 Qd5 11. d4 O-O-O 12. Bxg5 exd4 13. Bxc6 Qxc6 14. cxd4
Qd5 15. Be3 Ng4 16. h3 Nxe3 17. fxe3 Bg6 18. Qg4+ Qd7 19. Qxd7+ Rxd7 20. Nc3 c6
21. Rf4 Re8 22. a4 a6 23. a5 Kc7 24. Na4 Bh5 25. Nb6 g5 26. Rf6 Re6 27. Nxd7
Kxd7 28. Rxe6 Kxe6 29. Rb1 f5 30. g3 f4 31. gxf4 gxf4 32. exf4 e3 33. Rxb7 e2
34. Kf2 Kd5 35. Ra7 Kxd4 36. Rxa6 Kxc5 37. Ra8 Bf7 38. Rd8 Bd5 39. Rxd5+ cxd5
40. Kxe2 d4 41. h4 d3+ 42. Kxd3 Kd5 43. h5 Ke6 44. h6 Kf6 45. a6 Kg6 46. a7
Kxh6 47. a8=Q Kg6 1/2-1/2

[Event "FICS unrated blitz game"]
[Site "FICS freechess.org"]
[Date "2018.01.03"]
[Round "?"]
[White "ngin"]
[Black "rossoscuro"]
[Result "0-1"]
[WhiteElo "1250"]
[BlackElo "1734"]
[PlyCount "44"]
[EventDate "2018.??.??"]
[EventType "blitz"]

1. e4 e5 2. Nf3 Nc6 3. c3 d6 4. d3 Bg4 5. Qb3 b6 6. Ng5 Nh6 7. h3 Bh5 8. Qa4
Qd7 9. Na3 Be7 10. g4 Bg6 11. Bd2 O-O 12. O-O-O f6 13. Qb3+ Kh8 14. Ne6 Na5 15.
Qd5 Bf7 16. Nxf8 Rxf8 17. Qb5 c6 18. Qa4 Qc7 19. c4 d5 20. Bb4 c5 21. Bd2 dxe4
22. dxe4 Bg6 0-1

[Event "FICS rated blitz game"]
[Site "FICS freechess.org"]
[Date "2018.01.03"]
[Round "?"]
[White "zbobi"]
[Black "Orienteer"]
[Result "1-0"]
[WhiteElo "1467"]
[BlackElo "1515"]
[PlyCount "59"]
[EventDate "2018.??.??"]
[EventType "blitz"]

1. e4 e5 2. Nf3 Nc6 3. c3 Nf6 4. d3 h6 5. Be2 b6 6. O-O Bb7 7. c4 Bc5 8. Nc3
O-O 9. Be3 d6 10. Nd5 a5 11. a3 Ng4 12. d4 exd4 13. Nxd4 Nxe3 14. fxe3 Bxd4 15.
exd4 Ne7 16. Bf3 Bxd5 17. exd5 Qd7 18. Qd3 Rae8 19. b4 a4 20. c5 dxc5 21. dxc5
bxc5 22. bxc5 Rd8 23. d6 cxd6 24. cxd6 Qxd6 25. Qxd6 Rxd6 26. Rae1 Ng6 27. Re3
Rfd8 28. Be4 Nh4 29. g3 Ng6 30. Rfe1 1-0

[Event "FICS rated blitz game"]
[Site "FICS freechess.org"]
[Date "2018.01.03"]
[Round "?"]
[White "feroze"]
[Black "Dimomitev"]
[Result "1-0"]
[WhiteElo "1439"]
[BlackElo "1493"]
[PlyCount "45"]
[EventDate "2018.??.??"]
[EventType "blitz"]

1. e4 e5 2. Nf3 Nc6 3. c3 Bc5 4. d4 exd4 5. cxd4 Bb6 6. Bc4 h6 7. O-O Nf6 8. e5
Nh7 9. a4 O-O 10. Nc3 d6 11. Qe2 Nxd4 12. Nxd4 Bxd4 13. exd6 Qxd6 14. Nb5 Qc5
15. Rd1 Bxf2+ 16. Kh1 Bh4 17. Rd5 Qc6 18. Nd4 Qg6 19. Bd3 Qe6 20. Nxe6 Bxe6 21.
Qe4 Nf6 22. Qxh4 Bxd5 23. Bxh6 {Black resigns} 1-0

[Event "FICS rated blitz game"]
[Site "FICS freechess.org"]
[Date "2018.01.03"]
[Round "?"]
[White "climbit"]
[Black "javelinos"]
[Result "1-0"]
[WhiteElo "1670"]
[BlackElo "1524"]
[PlyCount "59"]
[EventDate "2018.??.??"]
[EventType "blitz"]

1. e4 e5 2. Nf3 Nc6 3. c3 Nf6 4. d4 exd4 5. e5 Qe7 6. cxd4 d6 7. Bb5 dxe5 8. d5
Qb4+ 9. Nc3 e4 10. Ng5 Bg4 11. Qd2 O-O-O 12. a3 Qd6 13. Bxc6 bxc6 14. O-O cxd5
15. Qd4 c5 16. Qa4 Rd7 17. g3 d4 18. Ncxe4 Nxe4 19. Nxe4 Qd5 20. Nd2 Bd6 21.
Nc4 Bh3 22. Nxd6+ Rxd6 23. f3 Re8 24. Bf4 Re2 25. Rf2 Rxf2 26. Kxf2 Rb6 27. b4
cxb4 28. Rc1+ Kb7 29. Rc7+ Ka8 30. Qxa7# {Black checkmated} 1-0

[Event "FICS rated blitz game"]
[Site "FICS freechess.org"]
[Date "2018.01.03"]
[Round "?"]
[White "kiknit"]
[Black "prickler"]
[Result "0-1"]
[WhiteElo "1475"]
[BlackElo "1549"]
[PlyCount "48"]
[EventDate "2018.??.??"]
[EventType "blitz"]

1. e4 e5 2. Nf3 Nc6 3. c3 Bc5 4. Bc4 Nf6 5. O-O Nxe4 6. d3 Nxf2 7. Rxf2 Bxf2+
8. Kxf2 O-O 9. Ng5 d5 10. Bb3 Qf6+ 11. Kg1 h6 12. Nf3 Bg4 13. Bxd5 Rad8 14. Be4
Qe6 15. Be3 f5 16. h3 fxe4 17. hxg4 exf3 18. gxf3 e4 19. Qf1 Rxf3 20. Qe2 Qxg4+
21. Kh1 Rh3+ 22. Qh2 Rxh2+ 23. Kxh2 Qe2+ 24. Kh3 Qxe3+ {White resigns} 0-1

[Event "FICS rated blitz game"]
[Site "FICS freechess.org"]
[Date "2018.01.03"]
[Round "?"]
[White "hoken"]
[Black "fepeven"]
[Result "0-1"]
[WhiteElo "1428"]
[BlackElo "1565"]
[PlyCount "82"]
[EventDate "2018.??.??"]
[EventType "blitz"]

1. e4 e5 2. Nf3 Nc6 3. c3 Bc5 4. d4 exd4 5. cxd4 Bb6 6. Nc3 Nge7 7. Be2 O-O 8.
O-O d6 9. d5 Ne5 10. Nxe5 dxe5 11. Kh1 Qd6 12. f4 Bd7 13. f5 c6 14. dxc6 Qxc6
15. Bb5 Qc7 16. Bxd7 Rad8 17. Nb5 Qxd7 18. Qxd7 Rxd7 19. Bg5 f6 20. Bh4 a6 21.
Nc3 Rfd8 22. Rad1 Bd4 23. g4 Nc6 24. g5 Kf7 25. gxf6 gxf6 26. Be1 Bxc3 27.
Rxd7+ Rxd7 28. Bxc3 b5 29. a3 a5 30. Kg2 b4 31. axb4 axb4 32. Be1 Rd4 33. Kf3
Rd3+ 34. Ke2 Rb3 35. Kd2 Rxb2+ 36. Kc1 Rxh2 37. Rf3 Re2 38. Kd1 Rxe4 39. Rb3
Ke7 40. Bxb4+ Rxb4 41. Rxb4 Nxb4 {White resigns} 0-1

[Event "FICS rated blitz game"]
[Site "FICS freechess.org"]
[Date "2018.01.03"]
[Round "?"]
[White "sasfro"]
[Black "hgj"]
[Result "1-0"]
[WhiteElo "1240"]
[BlackElo "1248"]
[PlyCount "81"]
[EventDate "2018.??.??"]
[EventType "blitz"]

1. e4 e5 2. Nf3 Nc6 3. c3 Nf6 4. d4 exd4 5. e5 Nd5 6. cxd4 d6 7. Bb5 Bd7 8.
Bxc6 Bxc6 9. O-O Qd7 10. exd6 Qxd6 11. Re1+ Be7 12. Nc3 Nxc3 13. bxc3 O-O-O 14.
a4 Qf6 15. Bg5 Bxf3 16. Bxf6 Bxd1 17. Bxe7 Rde8 18. Raxd1 Kd7 19. Bg5 Ref8 20.
Re2 f6 21. Bd2 g5 22. Rde1 Rf7 23. c4 h5 24. d5 g4 25. Re6 f5 26. Bc3 Rhf8 27.
Bb4 Rg8 28. Re7+ Rxe7 29. Rxe7+ Kd8 30. Rf7 Re8 31. Kf1 Re4 32. Rf8+ Kd7 33.
Rf7+ Ke8 34. Rxf5 Rxc4 35. Re5+ Kd7 36. Bd2 Rd4 37. Be3 Rxa4 38. g3 Kd6 39.
Rxh5 a6 40. Bf4+ Kd7 41. Rh7+ {Black resigns} 1-0

[Event "FICS rated blitz game"]
[Site "FICS freechess.org"]
[Date "2018.01.03"]
[Round "?"]
[White "ALSChess"]
[Black "chamerion"]
[Result "0-1"]
[WhiteElo "1258"]
[BlackElo "1497"]
[PlyCount "74"]
[EventDate "2018.??.??"]
[EventType "blitz"]

1. e4 e5 2. Nf3 Nc6 3. c3 d5 4. Bb5 Bd7 5. Bxc6 Bxc6 6. Nxe5 dxe4 7. Nxc6 bxc6
8. O-O Nf6 9. d3 exd3 10. Bg5 Be7 11. Re1 O-O 12. Nd2 Re8 13. Qf3 Qd5 14. Re3
Qxg5 15. Qxc6 Bd6 16. Rxd3 Qh6 17. Nf3 Ng4 18. g3 Nxf2 19. Rxd6 Nh3+ 20. Kf1
Qxd6 21. Qxd6 cxd6 22. Kg2 Re2+ 23. Kxh3 Rxb2 24. Nd4 Re8 25. a4 Rc8 26. Ra3 a6
27. Nf5 Rd8 28. a5 Kf8 29. Nd4 Rc8 30. Nf5 Rc6 31. Nd4 Rc5 32. g4 g6 33. Kg3
Ke7 34. h3 Kd7 35. Kh4 Rg2 36. Rb3 Rh5+ 37. gxh5 g5# {White checkmated} 0-1

[Event "FICS rated blitz game"]
[Site "FICS freechess.org"]
[Date "2018.01.03"]
[Round "?"]
[White "morts"]
[Black "FransLaa"]
[Result "0-1"]
[WhiteElo "1154"]
[BlackElo "1200"]
[PlyCount "86"]
[EventDate "2018.??.??"]
[EventType "blitz"]

1. e4 e5 2. Nf3 Nc6 3. c3 f6 4. d3 Nge7 5. g3 d6 6. Bg2 a6 7. O-O b6 8. Nbd2
Bb7 9. d4 Qd7 10. d5 Na7 11. c4 c5 12. a3 Qc7 13. b4 Nec8 14. bxc5 dxc5 15. Nb3
Nd6 16. Nh4 O-O-O 17. Nf5 Nxf5 18. exf5 h6 19. d6 Bxd6 20. Bxb7+ Kxb7 21. Qf3+
Nc6 22. a4 Ka7 23. a5 Nd4 24. Nxd4 cxd4 25. axb6+ Qxb6 26. Bd2 Rc8 27. Rab1 Qc6
28. Qg4 Rhg8 29. Rbc1 Bc5 30. Rb1 Rb8 31. Ra1 Rb2 32. Ba5 Rgb8 33. Qxg7+ R8b7
34. Qxh6 Qe4 35. Qxf6 Rb1 36. Bd8 Rxf1+ 37. Kxf1 Qd3+ 38. Kg1 Rb1+ 39. Rxb1
Qxb1+ 40. Kg2 Qe4+ 41. Kh3 Qb7 42. Qxe5 Bb6 43. c5 Bxd8 0-1

[Event "FICS rated blitz game"]
[Site "FICS freechess.org"]
[Date "2018.01.03"]
[Round "?"]
[White "canio"]
[Black "Pumpernickel"]
[Result "1/2-1/2"]
[WhiteElo "1443"]
[BlackElo "1352"]
[PlyCount "117"]
[EventDate "2018.??.??"]
[EventType "blitz"]

1. e4 Nc6 2. Nf3 e5 3. c3 Nf6 4. d4 exd4 5. cxd4 Nxe4 6. d5 Bb4+ 7. Bd2 Bxd2+
8. Nbxd2 Nxd2 9. Nxd2 Nd4 10. Bc4 O-O 11. O-O Re8 12. Nf3 Nxf3+ 13. Qxf3 d6 14.
b4 Qd7 15. a4 Qg4 16. Qxg4 Bxg4 17. f3 Bf5 18. Bb5 Re5 19. Rad1 a6 20. Bc4 Rae8
21. a5 Re3 22. b5 axb5 23. Bxb5 R8e7 24. a6 bxa6 25. Bxa6 g6 26. Bb7 Bd3 27. h3
Bxf1 28. Rxf1 Re1 29. h4 Rxf1+ 30. Kxf1 f5 31. Bc6 Kf7 32. Kf2 Kf6 33. g3 h6
34. Kg2 g5 35. Kh3 Ke5 36. h5 f4 37. Kg4 fxg3 38. Kxg3 Rf7 39. Kg4 Rf4+ 40. Kg3
Kd4 41. Kf2 Rh4 42. Be8 Kxd5 43. Ke3 c5 44. Bf7+ Ke5 45. Bg6 d5 46. Kd3 c4+ 47.
Kc3 Kf4 48. Bf7 d4+ 49. Kxd4 Kxf3+ 50. Kc3 g4 51. Bxc4 g3 52. Bf7 g2 53. Bd5+
Kf2 54. Bxg2 Kxg2 55. Kd3 Rxh5 56. Ke3 Rg5 57. Kf4 h5 58. Kxg5 h4 59. Kxh4
1/2-1/2

[Event "FICS rated lightning game"]
[Site "FICS freechess.org"]
[Date "2018.01.03"]
[Round "?"]
[White "mogonhed"]
[Black "BugBug"]
[Result "1-0"]
[WhiteElo "1940"]
[BlackElo "1813"]
[PlyCount "53"]
[EventDate "2018.??.??"]

1. e4 e5 2. Nf3 Nc6 3. c3 Nf6 4. d4 exd4 5. e5 Ng4 6. cxd4 d6 7. h3 Nh6 8. Bxh6
gxh6 9. Bb5 Bd7 10. Nc3 dxe5 11. d5 Nd4 12. Nxd4 exd4 13. Qxd4 Rg8 14. O-O-O
Qg5+ 15. Kb1 Bxb5 16. Nxb5 O-O-O 17. Qxa7 Rxd5 18. Qa8+ Kd7 19. Nc3 Rd6 20.
Qa4+ c6 21. Qa7 Kc7 22. Rc1 Bg7 23. Rhe1 Bxc3 24. Rxc3 Qf5+ 25. Ka1 Rd7 26.
Rec1 Rg6 27. g3 1-0

[Event "FICS rated blitz game"]
[Site "FICS freechess.org"]
[Date "2018.01.03"]
[Round "?"]
[White "morts"]
[Black "mjmonday"]
[Result "1/2-1/2"]
[WhiteElo "1178"]
[BlackElo "1183"]
[PlyCount "159"]
[EventDate "2018.??.??"]
[EventType "blitz"]

1. e4 e5 2. Nf3 Nc6 3. c3 Nf6 4. d3 h6 5. g3 Bc5 6. Bg2 d6 7. O-O O-O 8. Nbd2
Bg4 9. h3 Bd7 10. Qb3 Bb6 11. c4 Qc8 12. Kh2 Nd4 13. Nxd4 Bxd4 14. Nf3 Bb6 15.
a4 a5 16. Be3 Bxe3 17. fxe3 b6 18. d4 Bc6 19. dxe5 dxe5 20. Nxe5 Bb7 21. Rad1
Qe6 22. Nf3 Bxe4 23. Nd4 Qe8 24. Rg1 Bxg2 25. Rxg2 Ne4 26. Nf3 Kh8 27. Qc2 Nc5
28. Qf5 Qxe3 29. Re1 Qb3 30. Qe5 Nd3 31. Qe3 Rad8 32. Rd1 Qxd1 33. Rd2 Qb3 34.
Nd4 Qxc4 35. Rxd3 Qxa4 36. Qe7 Qe8 37. Qxc7 Qd7 38. Qxb6 a4 39. Rd2 Qd6 40. Qa5
Ra8 41. Qc3 Qf6 42. h4 Rfc8 43. Qf3 Qxf3 44. Nxf3 Rd8 45. Rf2 Rd3 46. Ne5 Rb3
47. Nxf7+ Kh7 48. Ne5 Rab8 49. Nc4 R8b4 50. Rf4 Re3 51. Kh3 Rbb3 52. Rg4 h5 53.
Rg5 g6 54. Nxe3 Rxe3 55. Ra5 Re4 56. b4 Rxb4 57. Kg2 Kh6 58. Kf3 Rb3+ 59. Kf4
a3 60. g4 hxg4 61. Kxg4 Rb4+ 62. Kh3 Rb3+ 63. Kg4 Rb4+ 64. Kh3 Rb3+ 65. Kg4 Rd3
66. Ra6 Rb3 67. h5 Rb4+ 68. Kg3 Kxh5 69. Rxa3 Rg4+ 70. Kf3 Kh4 71. Kf2 g5 72.
Ra8 Rf4+ 73. Kg2 Kg4 74. Rg8 Rf5 75. Kh2 Kf4 76. Kg2 g4 77. Kf2 Ke4+ 78. Kg3
Rf4 79. Rxg4 Rxg4+ 80. Kxg4 1/2-1/2

[Event "FICS rated blitz game"]
[Site "FICS freechess.org"]
[Date "2018.01.03"]
[Round "?"]
[White "sunrhades"]
[Black "fluters"]
[Result "1-0"]
[WhiteElo "1713"]
[BlackElo "1717"]
[PlyCount "73"]
[EventDate "2018.??.??"]
[EventType "blitz"]

1. e4 e5 2. Nf3 Nc6 3. c3 Nf6 4. d4 exd4 5. e5 Nd5 6. cxd4 Bb4+ 7. Nc3 O-O 8.
Bd2 Bxc3 9. bxc3 d6 10. exd6 cxd6 11. Be2 Re8 12. O-O Bg4 13. h3 Bh5 14. g4 Bg6
15. Bc4 Be4 16. Ng5 Qe7 17. Re1 Nf6 18. Bxf7+ Kh8 19. Bxe8 Rxe8 20. f3 d5 21.
fxe4 Nxe4 22. Nxe4 dxe4 23. Re3 h6 24. Qe2 Nd8 25. Re1 Qh4 26. Kg2 Nf7 27. Rxe4
Rxe4 28. Qxe4 Ng5 29. Qe8+ Kh7 30. Bxg5 hxg5 31. Qe4+ Kh6 32. Rf1 g6 33. Rf7 a6
34. Rxb7 a5 35. Qe7 Qxh3+ 36. Kxh3 a4 37. Qf8# {Black checkmated} 1-0

[Event "FICS rated blitz game"]
[Site "FICS freechess.org"]
[Date "2018.01.03"]
[Round "?"]
[White "ouazzani"]
[Black "Gwynplaine"]
[Result "1-0"]
[WhiteElo "1640"]
[BlackElo "1441"]
[PlyCount "63"]
[EventDate "2018.??.??"]
[EventType "blitz"]

1. e4 e5 2. Nf3 Nc6 3. c3 d5 4. exd5 Qxd5 5. d3 Bg4 6. Be2 e4 7. dxe4 Qxe4 8.
O-O Rd8 9. Nbd2 Qg6 10. Qa4 Bd6 11. Bd3 Bf5 12. Bxf5 Qxf5 13. Nd4 Qh5 14. g3
Nge7 15. Nc4 O-O 16. Nxd6 Rxd6 17. Nxc6 Nxc6 18. Bf4 Rd7 19. Rad1 Rfd8 20. Rxd7
Rxd7 21. Re1 h6 22. Re8+ Kh7 23. Qc2+ Qg6 24. Qe2 Qb1+ 25. Kg2 Qxa2 26. Qe4+ g6
27. Be5 Rd8 28. Rxd8 Nxd8 29. c4 Ne6 30. Bc3 Qa6 31. Qe5 Qd6 32. Qh8# {Black
checkmated} 1-0